Normal view
MARC view
Entry Término temático
001 - NÚMERO DE CONTROL
- campo de control: 67872
003 - IDENTIFICADOR DE NÚMERO DE CONTROL
- campo de control: mxcmmo
005 - FECHA Y HORA DE LA ÚLTIMA TRANSACCIÓN
- campo de control: 20241018013019.0
008 - ELEMENTOS DE DATO DE LONGITUD-FIJA
- campo de control de longitud fija: 241018|| aca||aabn | a|a d
040 ## - FUENTE DE CATALOGACIÓN
- Centro catalogador/agencia de origen: mxcmmo
- Centro/agencia transcriptor: mxcmmo
150 ## - ENCABEZAMIENTO--TÉRMINO DE MATERIA
- Término de materia o nombre geográfico como elemento de entrada: Agricultura
- Subdivisión general: Aspectos económicos
- Subdivisión geográfica: Hispanoamérica
- Subdivisión general: Congresos
670 ## - FUENTE DE DATOS ENCONTRADOS
- Cita de la fuente: Work cat.: (mxcmmo)36455: Organización de las Naciones Unidas para la Agricultura y la Alimentación Conferencia (18 : 1984 : Buenos Aires, Argentina autor 67871, Report of the eighteenth FAO Regional Conference for Latin America and the Caribbean